000 00435nam a2200181Ia 4500
005 20240823055147.0
008 240823s9999||||xx |||||||||||||| ||und||
041 _aENGLISH
082 _A639.75 Q4
100 _aMary Violet Christy A
245 0 _aVermitechnology
250 _a1st
260 _c2014
_bMJP Publi
500 _aYES
650 _aRenal Dialysis Technology
_bAllied Health Science
942 _cBK
999 _c228133
_d228133